000 02117nam a2200229 a 4500
001 000048527
005 20201002061223.0
008 190328s2015 dr a 000 j spa d
040 _aDO-SdBNP
_bspa
_cBNPHU
082 _axxxx
_bN285t
245 0 0 _aNaturaleza es transformación :
_bcuentos del concurso literario infantil - juvenil 2014 -2015 /
_cCamile Olivero, Domingo Guzmán, Lala Del Tejo e Ivanna Candeliere, ilustradores.
250 _a4ta ed.
260 _aSanto Domingo :
_bFundación Propagas,
_c2015.
300 _a94 p. :
_bil. ;
_c25 cm.
500 _aTres primeros lugares y una mención honorífica son los textos gandores de la 4ta edición del concurso de cuentos de la Fundación Propagas (Letra natural). Se incluyen las obras de las menciones recibidas.
505 0 _aPrimer lugar --
_tEl diario de Star --
_rVera Lucia Tolari Ramírez --
_tSegundo lugar
_tEl desierto, la oruga y el bosque --
_rLarianna Pineda Cabrera
_ttercer lugar
_tOrión --
_rAlejandra Cairo Toribio
_tMención honorifica especial : Mariposa transparente --
_rMaría Isabel Santana Serulle
_tMenciones honorificas --
_tLa gran historia de una pequeña rana --
_rCarlos Gabriel Tejeda Herasme
_tEn búsqueda de una mascota --
_rIsabel Cerda Cáceres
_tLa trasformación entre dos amigos --
_rManuel de Jesús Díaz de León
_tEl maco vaca del hermaso croar --
_rMario Oswaldo Camilo Lizardo
_tEn defensa de las mariposas --
_rMonserrate Ayala Cabral
_tLa monarca perdida --
_rTatiana Isabella Jiménez Bienen
_tDe niña, descubrí a la rana y a la mariposa --
_rAlsy Virginia Vásquez Yere
_tMi vida, en una aventura --
_rVictoria Stepanyan
_tVolar alto --
_tMaría Fernanda Santana Prince
_tUna misión de vida o muerte --
_tGénesis Franchesca Espinosa Lara
_tCrístaly, por siempre --
_rVida María Maríñez Brito
_tLas mariposas también viven --
_rLaura Marie Cepeda Ortega
_tLas aventuras de María, la oruga --
_rMiranda Sanz Domínguez
590 _aInventariado, 2019/LP
700 1 _aOlivero, Camile,
_eil.
_975970
700 1 _aGuzmán, Domingo,
_eil.
_971128
700 1 _aTejo, Lala Del,
_eil.
_975971
700 1 _aCandeliere, Ivanna,
_eil.
_975972
999 _c48015
_d48015